Statistics for BBC Sherlock Numbers Quiz

Click here to take the quiz!

General Stats

  • This quiz has been taken 150 times
  • The average score is 9 of 15

Answer Stats

HintAnswer% Correct
The Address is ___ Baker Street221b
98%
How many times is Sherlock attacked by John in TEH?3
96%
How many nicotine patches is Sherlock wearing in ASIP?3
92%
How many full-length episodes have been broadcast?9
89%
'___ bullets, ___ gunmen, ___ victims'3
76%
Roughly how long is each episode of Sherlock in minutes?90
75%
How many members are in the 'Empty Hearse' fan club?6
71%
How many hours is Sherlock given to solve the first 'puzzle' in TGG?12
67%
How many times had the Chullo left at Baker Street been rehemmed?5
57%
How many months pass between ASIP and TRF?18
55%
At what time does John start work in TEH? (to the nearest hour)10am
50%
Bond Air007
42%
Sherlock's 'birthdate' is the ____ of January ('st', 'nd' or 'th' needed)6th
40%
Irene Adler's safe combination3 2 2 4 3 4
13%
In what year did the 'Van Buren' supernova first appear in the sky?1858
5%

Score Distribution

Percentile by Number Answered

Percent of People with Each Score

Your Score History

You have not taken this quiz